Responses for Show #2924 - Thursday, April 24, 1997

Contestants

[<< previous game]

Keith Milsark, a marketing director from Orlando, Florida

Ann Hall-Rogalinski, a paralegal from Franklin, Wisconsin

Roger Bauman, a financial analyst from St. Paul, Minnesota (whose 1-day cash winnings total $14,800)

[next game >>]

Jeopardy! Round responses

THE OLD TESTAMENT
FILM STARS
COOKING
STATE CAPITALS
POTPOURRI
"G" WHIZ!
    $100 7
Tree of the knowledge of good & evil

Keith
    $100 16
Clint Eastwood

Roger
    $100 21
Thermometer

Ann
    $100 1
Lansing

Ann
    $100 26
(less than a minute to go, Ann...)

Nissan/Datsun

Triple Stumper
    $100 6
Goblet

Keith
    $200 8
Rainbow

Keith
    $200 17
(R: Who is Dalton?)

Pierce Brosnan

RogerAnn
    $200 22
Cookies

Keith
    $200 2
Cheyenne

Roger
    $200 27
40

Keith
    $200 10
Gladiator

Keith
    $300 9
Jordan

Ann
    $300 18
Daryl Hannah

Roger
    $300 23
Baster

Ann
    $300 3
Montgomery

Roger
    $300 28
Eleanor Roosevelt

Keith
    $300 12
Guadalcanal

Roger
    $400 11
(Roger: What is the Book of Psalms?)

Proverbs

RogerAnn
    $400 19
Kim Basinger

Ann
    $400 24
Lard

Triple Stumper
    $400 4
Jefferson City

Ann
    $400 29
(K: Who is Wernher von Braun?)

Albert Einstein

Keith
Triple Stumper
    $400 13
Gerund

Keith
    $500 14
Moses

Keith
    $500 20
(R: Who is Neeson?)

Ralph Fiennes

Roger
Triple Stumper
    $500 25
Leeks

Triple Stumper
    $500 5
(A: What is Salem?)

Juneau, Alaska

Ann
    $500 30
Arizona

Keith
    $500 15
GULAG (Main Directorate for Corrective Labor Camps)

Roger

Scores at the first commercial break (after clue 15):

Roger Ann Keith
$900 $700 $1,500

Scores at the end of the Jeopardy! Round:

Roger Ann Keith
$600 $1,700 $2,300

Double Jeopardy! Round responses

HISTORIC PEOPLE
MUSICAL THEATRE
GEOGRAPHY
AMERICAN LITERATURE
ART & ARTISTS
THE LONGEST
    $200 14
Paul Revere

Keith
    $200 26
The King And I

Ann
    $200 6
Monaco

Ann
    $200 21
Moby Dick

Keith
    $200 1
Michelangelo

Keith
    $200 11
Scotland

Keith
    $400 15
(K: Who is John Deere?)

Cyrus McCormick

AnnKeith
    $400 27
Sunset Boulevard

Ann
    $400 7
Sierra Nevadas

Keith
    $400 22
The Martian Chronicles

Roger
    $400 2
George III

Triple Stumper
    $400 12
Conga line

Ann
    $600 16
Roy Campanella

Triple Stumper
    $800 28
Stomp

Ann
    $500 8
Crimean Peninsula

Keith
    $600 23
Walden

Roger
    $600 3
National Gallery of Art

Roger
    $600 13
Wimbledon

Roger
    $800 17
John "Black Jack" Pershing

Roger
    $800 29
The Fantasticks

Keith
    $800 9
Khartoum

Ann
    $800 24
Injun Joe

Roger
    $800 4
Edvard Munch

Roger
    $800 19
(K: What are hieroglyphics?)

Runes

Keith
Triple Stumper
    $1000 18
(A: Who is Henry Clay?)

Daniel Webster

AnnKeith
    $1000 30
The Pajama Game

Triple Stumper
    $1000 10
Botswana

Triple Stumper
    $1000 25
Pearl S. Buck

Roger
    $1000 5
Roy Lichtenstein

Roger
    $1000 20
(Alex: The Trans-[*] Highway runs from Victoria, British Columbia to St. John's, Newfoundland.)

Canada

Triple Stumper

Scores at the end of the Double Jeopardy! Round:

Roger Ann Keith
$7,200 $3,900 $4,600

[wagering suggestions for these scores]

Final Jeopardy! Round responses

SPORTS
(Alex: The Jules Rimet Cup was awarded to the No.1 soccer team in the world; I believe Brazil has won it 3 times, so it was permanently granted to them & they came up with the World Cup.)
AnnWhat is the Stanley Cup?
$1,500
KeithWhat is the Stanley Cup?
$4,600
RogerWhat is the Lombardi Trophey
$2,001
The World Cup (of soccer)

Final scores:

Roger Ann Keith
$5,199 $2,400 $0
2-day champion: $19,999 2nd place: Trip to Gran Hotel Bahia Del Duque, Tenerife, Canary Islands 3rd place: Amana E-Z Reach Refrigerator/Freezer

Game dynamics:

Coryat scores:

Roger Ann Keith
$7,200 $4,200 $4,700
15 R,
3 W
15 R
(including 1 DD),
2 W
(including 1 DD)
18 R
(including 1 DD),
3 W

Combined Coryat: $16,100

[game clues] [game scores] [suggest correction]

Game tape date: 1997-01-14
The J! Archive is created by fans, for fans. Scraping, republication, monetization, and malicious use prohibited; this site may use cookies and collect identifying information. See terms. The Jeopardy! game show and all elements thereof, including but not limited to copyright and trademark thereto, are the property of Jeopardy Productions, Inc. and are protected under law. This website is not affiliated with, sponsored by, or operated by Jeopardy Productions, Inc. Join the discussion at JBoard.tv.